000 00636nam a2200253Ia 4500
003 OSt
005 20221005131427.0
006 a|||||r|||| 00| 0
007 ta
008 221004b |||||||| |||| 00| 0 tam d
020 _c3.00
024 _a8365
037 _cTextual
040 _aCRL
_cCRL
_btam
041 _2tam
_atam
082 _aO31,3N01,4, J7
100 _aKalki Krishnamurthy Au.
_9639591
245 0 _aSolaimalai Ilavarasi
260 _c1947
300 _a176p.
_ccm.
650 _aTAMIL FICTION
942 _hO31,3N01,4, J7
_cTEXL
_2cc
999 _c1060317
_d1060317